| 000 | 00000cas 2200000za 4500 |
| 001 | 9.817883 |
| 003 | CaOODSP |
| 005 | 20260112135551 |
| 007 | cr ||||||||||| |
| 008 | 160518c20059999oncfr p o f0 a0eng|d |
| 022 | |a1715-8036 |
| 040 | |aCaOODSP|beng |
| 043 | |an-cn--- |
| 086 | 1 |aFo122-2E-PDF |
| 130 | 0 |ae-Bulletin (Great Lakes Forestry Centre) |
| 245 | 00|ae-Bulletin |h[electronic resource] / |cGreat Lakes Forestry Centre. |
| 260 | |a[Ottawa] : |bNatural Resources Canada, Canadian Forestry Service, |c[2005]- |
| 310 | |aSemiannual |
| 362 | 1 |aBegan with issue 1 (2005). |
| 500 | |aIssued also in French under title: Bulletin-électronique. |
| 520 | 3 |aGreat Lakes Forestry Centre (GLFC) electronic information bulletin aims to keep you up-to-date on how the Canadian Forest Service/Natural Resources Canada is addressing the critical issues facing forestry in Ontario today. |
| 692 | 07|2gccst|aForestry |
| 692 | 07|2gccst|aNatural resources |
| 692 | 07|2gccst|aNewsletters |
| 710 | 1 |aCanada. |bNatural Resources Canada. |bCanadian Forest Service. |
| 775 | 08|tBulletin-électronique |w(CaOODSP)9.817887 |